| 000 | 00424nam a2200157Ia 4500 | ||
|---|---|---|---|
| 008 | 160316s2013 xxu||||| |||| 00| 0 eng d | ||
| 082 |
_a923.200000 _bDEV |
||
| 100 | _aDevi Suithra | ||
| 245 | _aJagjivan Ram : Jeevan aur mahanatha | ||
| 250 | _a | ||
| 260 |
_aNew Delhi _bBabu Jagjivan Ram National Foundation _c2013 |
||
| 300 |
_a348p _b _c |
||
| 365 | _b Rs. 150 | ||
| 650 | _a1. Biography - Jagjivan Ram | ||
| 700 |
_a _a |
||
| 999 |
_c35350 _d35350 |
||